[Event "Tseshkovsky Mem 2014"]
[Site "Sochi RUS"]
[Date "2014.09.22"]
[Round "6.38"]
[White "Vishnjakova, Svetlana"]
[Black "Kutovoi, Valery"]
[Result "1-0"]
[WhiteTitle "WFM"]
[WhiteElo "2123"]
[BlackElo "1813"]
[WhiteFideId "4147219"]
[BlackFideId "34113131"]
[EventDate "2014.09.17"]

1. e4 e6 2. d3 b6 3. Nf3 Bb7 4. g3 c5 5. Bg2 d6 6. Nc3 Nd7 7. a4 a6 8. b3 Ngf6
9. O-O Be7 10. h3 O-O 11. Bb2 Rc8 12. Qe2 Qc7 13. Rae1 Ne8 14. Nd1 Bf6 15. Bxf6
Nexf6 16. Nh4 Ne5 17. f4 Nc6 18. Ne3 Nd4 19. Qd1 b5 20. axb5 axb5 21. c3 Nc6 22.
g4 Ra8 23. g5 Ne8 24. f5 Ne7 25. fxe6 f6 26. Nd5 Qd8 27. Nf5 Nxf5 28. exf5 Qb8
29. e7 1-0

[Event "Tseshkovsky Mem 2014"]
[Site "Sochi RUS"]
[Date "2014.09.22"]
[Round "6.39"]
[White "Esipenko, Aleksandr"]
[Black "Zhukov, Viktor I.1"]
[Result "0-1"]
[WhiteElo "1633"]
[BlackElo "2084"]
[WhiteFideId "34125911"]
[BlackFideId "4136195"]
[EventDate "2014.09.17"]

1. e4 c5 2. c3 d5 3. exd5 Qxd5 4. d4 Nf6 5. Nf3 e6 6. Bd3 Nc6 7. dxc5 Bxc5 8.
Qe2 O-O 9. O-O e5 10. Nbd2 Bg4 11. Ne4 Be7 12. Bg5 Nh5 13. Rfd1 Qe6 14. b3 Bxg5
15. Nexg5 Qh6 16. Qe3 Nf6 17. Re1 Bxf3 18. Nxf3 Qxe3 19. Rxe3 Nd5 20. Ree1 Nxc3
21. Nxe5 Nb4 22. a3 Nxd3 23. Nxd3 Rfd8 24. Nc5 b6 25. Rac1 Nb5 26. a4 Nd4 27.
Nb7 Re8 28. Kf1 Nxb3 29. Rcd1 Rxe1+ 30. Rxe1 Kf8 31. Nd6 Nc5 32. a5 Rd8 33. Nb5
a6 34. Na7 bxa5 35. Rc1 Nb3 36. Rc3 a4 37. Nc6 Ra8 38. Nb4 Nd4 39. g3 Rb8 40.
Na2 Rb1+ 41. Kg2 Nb5 42. Rc4 a3 43. Ra4 Ra1 44. Nb4 Rb1 45. Nd5 g6 46. Nb4 Rb2
47. Nd3 Rd2 48. Nb4 Rd4 0-1

[Event "Tseshkovsky Mem 2014"]
[Site "Sochi RUS"]
[Date "2014.09.22"]
[Round "6.40"]
[White "Martynyuk, Elizaveta"]
[Black "Zlydneva, Daria"]
[Result "1/2-1/2"]
[WhiteElo "2083"]
[BlackElo "1799"]
[WhiteFideId "24128511"]
[BlackFideId "24102709"]
[EventDate "2014.09.17"]

1. e4 c5 2. Nf3 d6 3. d4 cxd4 4. Nxd4 Nf6 5. Nc3 a6 6. Be3 e5 7. Nb3 Be6 8. f3
Nbd7 9. g4 h6 10. Qd2 b5 11. O-O-O Nb6 12. Qf2 Nfd7 13. Nd5 Bxd5 14. exd5 Nc4
15. Kb1 Nxe3 16. Qxe3 Be7 17. f4 O-O 18. Bd3 exf4 19. Qxf4 Ne5 20. Nd4 Bg5 21.
Qe4 g6 22. c3 Re8 23. Rhf1 Qd7 24. h3 Nc4 25. Qf3 Ne3 26. Bc2 Nxd1 27. Bxd1 Re3
28. Qh1 Qe7 29. Bf3 Re8 30. Nc2 Re4 31. Qg2 a5 32. Qg1 Qb7 33. Nd4 Be3 34. Qg3
Bxd4 35. cxd4 Re3 36. Qxd6 Qe7 37. Qxe7 R8xe7 38. d6 Rd7 39. Bd5 Rxh3 40. Rxf7
Rxd6 41. Rd7+ Rxd5 42. Rxd5 Rh4 43. Rxb5 Rxg4 44. d5 h5 45. Kc2 Kf7 1/2-1/2

[Event "Tseshkovsky Mem 2014"]
[Site "Sochi RUS"]
[Date "2014.09.22"]
[Round "6.41"]
[White "Protopopova, Anastasiya"]
[Black "Khristenko, Elena"]
[Result "1-0"]
[WhiteElo "2049"]
[BlackElo "1781"]
[WhiteFideId "24172073"]
[BlackFideId "34143391"]
[EventDate "2014.09.17"]

1. Nf3 Nf6 2. c4 e6 3. g3 b6 4. Bg2 Bb7 5. O-O Be7 6. d4 O-O 7. Re1 c5 8. d5
exd5 9. Nh4 Ne4 10. cxd5 Nd6 11. Bf4 Bxh4 12. Bxd6 Re8 13. gxh4 Qxh4 14. Bg3 Qb4
15. Qd2 Qa4 16. Nc3 Qg4 17. Nb5 Na6 18. Nd6 Re7 19. Nxb7 h5 20. Qf4 1-0

[Event "Tseshkovsky Mem 2014"]
[Site "Sochi RUS"]
[Date "2014.09.22"]
[Round "6.42"]
[White "Lingur, Zalina"]
[Black "Khristenko, Anna"]
[Result "1-0"]
[WhiteElo "2035"]
[BlackElo "1605"]
[WhiteFideId "34165670"]
[BlackFideId "24173886"]
[EventDate "2014.09.17"]

1. e4 c6 2. d4 d5 3. Nd2 Nf6 4. e5 Ne4 5. Nxe4 dxe4 6. Ne2 Bf5 7. Ng3 Bg6 8. Bc4
e6 9. O-O Nd7 10. c3 Be7 11. Qe2 Nb6 12. Bb3 h5 13. Nxe4 h4 14. h3 Bh5 15. f3 a5
16. a3 Nd7 17. Qf2 Qb6 18. Ba2 Bg6 19. Be3 Qc7 20. Rad1 b5 21. Bg5 Bxg5 22. Nxg5
Nb6 23. Ne4 Bxe4 24. fxe4 Rd8 25. Qf4 Qe7 26. Qg4 g5 27. Rf6 Nd7 28. Rf2 c5 29.
Rdf1 Rh7 30. Qe2 c4 31. a4 bxa4 32. Qxc4 g4 33. Kh1 gxh3 34. gxh3 Qg5 35. Qe2
Qg3 36. Rf3 Qg6 37. Rg1 Qh5 38. Rf2 Qh6 39. Rfg2 Ke7 40. Qa6 Nf8 41. Qa7+ Nd7
42. Qxa5 Rb8 43. Qxa4 Qe3 44. Qa3+ Kd8 45. Rg8+ Kc7 46. Qd6+ Kb7 47. Qxd7+ Kb6
48. Rxb8+ Ka6 49. Qb5+ Ka7 50. Qb7# 1-0

[Event "Tseshkovsky Mem 2014"]
[Site "Sochi RUS"]
[Date "2014.09.22"]
[Round "6.48"]
[White "Nikolaev, Valerij"]
[Black "Ermolov, Vasily"]
[Result "0-1"]
[WhiteElo "1789"]
[BlackElo "1952"]
[WhiteFideId "24159484"]
[BlackFideId "4150830"]
[EventDate "2014.09.17"]

1. e4 c5 2. Nf3 Nc6 3. c3 e6 4. d3 d5 5. Nbd2 Nf6 6. Be2 Be7 7. O-O O-O 8. Qc2
e5 9. Rd1 h6 10. Nf1 Qc7 11. Ng3 Re8 12. h3 Be6 13. Nh2 Rad8 14. Ng4 Nxg4 15.
hxg4 Bf8 16. g5 hxg5 17. Bxg5 f6 18. Be3 d4 19. Bd2 g6 20. c4 a6 21. Rf1 Qh7 22.
f3 f5 23. f4 Qh4 24. Be1 exf4 25. Nxf5 Qh7 26. Nh4 g5 27. Nf3 Be7 28. Nh2 Ne5
29. Qd1 Kg7 30. Bf3 Rh8 31. Ng4 Bxg4 32. Bxg4 Qh2+ 33. Kf2 Qg3+ 34. Kg1 Qxg4 35.
Ba5 f3 36. Rf2 Qh4 37. Rxf3 Nxf3+ 38. Qxf3 Rdf8 0-1

[Event "Tseshkovsky Mem 2014"]
[Site "Sochi RUS"]
[Date "2014.09.22"]
[Round "6.49"]
[White "Pozdniakov, Maksim"]
[Black "Alchakov, Ratmir"]
[Result "0-1"]
[WhiteElo "1610"]
[BlackElo "1938"]
[WhiteFideId "24196371"]
[BlackFideId "24199699"]
[EventDate "2014.09.17"]

1. d4 d5 2. c4 c6 3. Nc3 Nf6 4. e3 Bf5 5. Qb3 Qb6 6. Qxb6 axb6 7. Nf3 e6 8. a3
Nbd7 9. Be2 dxc4 10. Bxc4 b5 11. Ba2 Be7 12. O-O O-O 13. b4 Be4 14. Nxe4 Nxe4
15. Bb2 Nb6 16. Bb3 Bf6 17. Rac1 Rfe8 18. Rfd1 Rad8 19. Kf1 Nd6 20. Rc2 Ndc4 21.
Bxc4 Nxc4 22. Ke2 Ra8 23. Rd3 Kf8 24. Nd2 Nb6 25. Ne4 Be7 26. Nc5 Bxc5 27. dxc5
Nc4 28. Bc1 Ke7 29. Rcc3 Red8 30. Rxd8 Kxd8 31. Kd1 e5 32. Kc2 e4 33. f4 Ke7 34.
g4 h5 35. h3 hxg4 36. hxg4 g5 37. Kb3 Rg8 38. f5 Ne5 39. a4 bxa4+ 40. Kxa4 Ra8+
41. Kb3 Nxg4 42. Rc4 Nf6 43. Bb2 g4 44. Bxf6+ Kxf6 45. Rxe4 Rg8 46. Rf4 g3 47.
Rf1 g2 48. Rg1 Kxf5 0-1

[Event "Tseshkovsky Mem 2014"]
[Site "Sochi RUS"]
[Date "2014.09.22"]
[Round "6.50"]
[White "Krapivin, Vladimir"]
[Black "Airapetian, Valentin"]
[Result "1-0"]
[WhiteElo "1894"]
[BlackElo "1798"]
[WhiteFideId "24187232"]
[BlackFideId "4188560"]
[EventDate "2014.09.17"]

1. e4 g6 2. f4 Bg7 3. Nf3 d6 4. d4 Nf6 5. Bd3 Nc6 6. c3 O-O 7. d5 Nb8 8. O-O c6
9. c4 Ng4 10. Qe2 Na6 11. Nc3 Qb6+ 12. Kh1 Bd7 13. h3 Nf6 14. e5 Nh5 15. Kh2 Bh6
16. Ng5 Bxg5 17. fxg5 dxe5 18. Qxe5 Qc7 19. Qxc7 Nxc7 20. g4 Ng7 21. Bf4 Rac8
22. Rae1 Rfe8 23. Re2 cxd5 24. cxd5 a6 25. Rfe1 Kf8 26. Be5 e6 27. d6 Nb5 28.
Rf2 Nxc3 29. Ref1 f5 30. gxf6 Nd5 31. fxg7+ Kg8 32. Rf7 Red8 33. Bd4 Bb5 34.
Bxb5 axb5 35. d7 Ra8 36. Bc5 h6 37. Rf8+ 1-0

[Event "Tseshkovsky Mem 2014"]
[Site "Sochi RUS"]
[Date "2014.09.22"]
[Round "6.51"]
[White "Gasparyan, Daniel"]
[Black "Skvortsova, Olesya"]
[Result "1-0"]
[WhiteElo "1820"]
[BlackElo "1713"]
[WhiteFideId "34197874"]
[BlackFideId "34161420"]
[EventDate "2014.09.17"]

1. d4 d5 2. Nf3 Nc6 3. c4 e6 4. Nc3 Nf6 5. Bg5 h6 6. Bxf6 Qxf6 7. cxd5 Nb4 8.
dxe6 Bxe6 9. e4 Bg4 10. Be2 Bxf3 11. Bxf3 Be7 12. O-O O-O 13. a3 Nc6 14. Nd5 Qd6
15. Qd3 Bd8 16. Rad1 Ne7 17. Nxe7+ Bxe7 18. b4 c6 19. Bg4 Rad8 20. f4 Qc7 21.
Qe3 a5 22. f5 axb4 23. axb4 Kh7 24. e5 f6 25. e6 Bxb4 26. Rf3 c5 27. e7 cxd4 28.
exd8=Q Rxd8 29. Qf4 Bd6 30. Qc1 Bc5 31. Kh1 b5 32. Rfd3 Qb6 33. Qb2 b4 34. Qb3
Ra8 35. Bh5 Ra7 36. Re1 Ra8 37. Qf7 Qc6 38. Bf3 Qb5 39. Bxa8 Qxd3 40. Qg6+ Kg8
41. Re8+ Bf8 42. Bd5+ Kh8 43. Rxf8# 1-0

[Event "Tseshkovsky Mem 2014"]
[Site "Sochi RUS"]
[Date "2014.09.23"]
[Round "7.1"]
[White "Bukavshin, Ivan"]
[Black "Jobava, Baadur"]
[Result "0-1"]
[WhiteTitle "GM"]
[BlackTitle "GM"]
[WhiteElo "2613"]
[BlackElo "2708"]
[WhiteFideId "4199758"]
[BlackFideId "13601520"]
[EventDate "2014.09.17"]

1. d4 Nf6 2. Nf3 e6 3. c4 Bb4+ 4. Nbd2 O-O 5. a3 Be7 6. e4 d6 7. Be2 a5 8. b3 e5
9. Bb2 exd4 10. Nxd4 Nc6 11. O-O Nxd4 12. Bxd4 Nd7 13. Rb1 Bf6 14. Be3 Re8 15.
b4 axb4 16. axb4 Ne5 17. Kh1 Nc6 18. f3 Ra3 19. Bg1 Ra2 20. b5 Nd4 21. Bd3 Ne6
22. f4 b6 23. Nb3 Bb7 24. Nc1 Ra3 25. Rb3 Ra1 26. e5 dxe5 27. fxe5 Bg5 28. Bxh7+
Kxh7 29. Qh5+ Bh6 30. Be3 Be4 31. Rxf7 Ng5 32. Rf1 Rxe5 0-1

[Event "Tseshkovsky Mem 2014"]
[Site "Sochi RUS"]
[Date "2014.09.23"]
[Round "7.2"]
[White "Rakhmanov, Aleksandr"]
[Black "Korneev, Oleg"]
[Result "1/2-1/2"]
[WhiteTitle "GM"]
[BlackTitle "GM"]
[WhiteElo "2626"]
[BlackElo "2581"]
[WhiteFideId "4173708"]
[BlackFideId "4156803"]
[EventDate "2014.09.17"]

1. Nf3 d5 2. c4 d4 3. g3 Nc6 4. Bg2 e5 5. d3 Nf6 6. O-O a5 7. Bg5 Be7 8. Nbd2
O-O 9. Ne1 Nd7 10. Bxe7 Qxe7 11. Nc2 Nb4 12. b3 Nc5 13. a3 Nxc2 14. Qxc2 Bg4 15.
Rfe1 c6 16. Rab1 Na6 17. Qb2 Nc5 18. Qc2 Na6 19. Qb2 1/2-1/2

[Event "Tseshkovsky Mem 2014"]
[Site "Sochi RUS"]
[Date "2014.09.23"]
[Round "7.5"]
[White "Demidov, Mikhail"]
[Black "Shaposhnikov, Evgeny"]
[Result "1/2-1/2"]
[WhiteTitle "IM"]
[BlackTitle "GM"]
[WhiteElo "2499"]
[BlackElo "2536"]
[WhiteFideId "4197143"]
[BlackFideId "4122232"]
[EventDate "2014.09.17"]

1. Nf3 c5 2. Nc3 e6 3. d4 cxd4 4. Nxd4 a6 5. g3 Nf6 6. Bg2 d5 7. O-O Bb4 8. e4
Bxc3 9. bxc3 dxe4 10. Ba3 e5 11. Nb3 Qxd1 12. Rfxd1 Bg4 13. Rd2 Nbd7 14. Na5
O-O-O 15. Rb1 b6 16. Rd6 Kc7 17. Rc6+ Kb8 18. Bd6+ Ka8 19. Nc4 Be2 20. Nxe5 Bb5
21. Nxd7 Rxd7 22. Rxb6 Rhd8 23. a4 Rxd6 24. Rxd6 Rxd6 25. axb5 axb5 26. Rxb5
Rd1+ 27. Bf1 Ng4 28. Rf5 f6 29. Rf4 Nxh2 30. Kxh2 Rxf1 31. Rxe4 Rxf2+ 32. Kh3 h5
33. Re8+ Kb7 34. Re7+ Kc6 35. Rxg7 Kd6 36. Rg6 Ke6 1/2-1/2

[Event "Tseshkovsky Mem 2014"]
[Site "Sochi RUS"]
[Date "2014.09.23"]
[Round "7.6"]
[White "Landa, Konstantin"]
[Black "Cherniaev, Alexander"]
[Result "0-1"]
[WhiteTitle "GM"]
[BlackTitle "GM"]
[WhiteElo "2670"]
[BlackElo "2458"]
[WhiteFideId "4101685"]
[BlackFideId "4117301"]
[EventDate "2014.09.17"]

1. e4 d6 2. d4 Nf6 3. Nc3 e5 4. dxe5 dxe5 5. Qxd8+ Kxd8 6. Nf3 Bd6 7. Be3 h6 8.
O-O-O Ke7 9. Nd2 Be6 10. Nc4 Nbd7 11. f3 a6 12. a3 Rhc8 13. g4 b5 14. Nxd6 cxd6
15. h4 h5 16. g5 Ne8 17. Rh2 g6 18. Rhd2 Rxc3 19. bxc3 Rc8 20. Kb2 Nc5 21. Bxc5
Rxc5 22. Ra1 Bd7 23. Rd5 Rc8 24. c4 bxc4 25. Ra5 Rc6 26. Kc3 Nc7 27. a4 Be6 28.
Rb1 d5 29. Kd2 Kd6 30. Rb8 d4 31. f4 c3+ 32. Kc1 exf4 33. Rd8+ Ke7 34. Rxd4 Ba2
35. Rb4 f3 36. e5 Bd5 37. Bh3 Bc4 38. Rb3 Bxb3 39. cxb3 c2 40. Bf1 f2 41. b4 Rc3
42. Rc5 Rxc5 43. bxc5 Nd5 44. Bxa6 Ne3 45. a5 Kd7 46. Bb5+ Kc7 47. a6 f1=Q+ 48.
Bxf1 Nxf1 49. Kxc2 Nh2 50. Kd3 Nf3 51. Ke4 Nxh4 52. Kd5 Nf5 0-1

[Event "Tseshkovsky Mem 2014"]
[Site "Sochi RUS"]
[Date "2014.09.23"]
[Round "7.7"]
[White "Khalifman, Alexander"]
[Black "Grishchenko, Sergey1"]
[Result "1-0"]
[WhiteTitle "GM"]
[BlackTitle "IM"]
[WhiteElo "2621"]
[BlackElo "2448"]
[WhiteFideId "4100115"]
[BlackFideId "4136730"]
[EventDate "2014.09.17"]

1. c4 e5 2. g3 Nf6 3. Bg2 Nc6 4. Nc3 Bc5 5. Nf3 d6 6. d3 h6 7. O-O O-O 8. e3 Bb6
9. b3 Bf5 10. h3 Bh7 11. Bb2 Nd7 12. a3 Ne7 13. Na4 c6 14. Nxb6 axb6 15. a4 f5
16. Re1 e4 17. dxe4 fxe4 18. Nd4 Nc5 19. Qg4 Qc8 20. Nxc6 Qxg4 21. Nxe7+ Kf7 22.
hxg4 Nd3 23. Nf5 Nxb2 24. Bxe4 Kf6 25. Ra2 Rae8 26. Bb1 1-0

[Event "Tseshkovsky Mem 2014"]
[Site "Sochi RUS"]
[Date "2014.09.23"]
[Round "7.8"]
[White "Aleksandrov, Aleksej"]
[Black "Simantsev, Mikhail"]
[Result "1/2-1/2"]
[WhiteTitle "GM"]
[BlackTitle "GM"]
[WhiteElo "2596"]
[BlackElo "2443"]
[WhiteFideId "13500139"]
[BlackFideId "14104555"]
[EventDate "2014.09.17"]

1. d4 Nf6 2. c4 e6 3. Nc3 Bb4 4. e3 c5 5. Bd3 cxd4 6. exd4 d5 7. Nf3 dxc4 8.
Bxc4 O-O 9. O-O b6 10. Bd3 Bb7 11. Re1 Nc6 12. Bg5 Be7 13. Rc1 Rc8 14. Bb1 Nb4
15. Ne5 Nbd5 16. Qd3 Nxc3 17. bxc3 g6 18. Qh3 Ne8 19. Bd2 Ng7 20. a4 Bg5 21. f4
Bh4 22. Red1 Be7 23. Bd3 Nf5 24. Ra1 f6 25. Ng4 Bd5 26. Ba6 Rc6 27. Qd3 Qc7 28.
Re1 Rd8 29. Bb5 Rcd6 30. Bc1 Rc8 31. Ba3 Rdd8 32. Bxe7 Qxe7 33. Ba6 Rc7 34. Ne3
Nxe3 35. Rxe3 Qd6 36. Qf1 Kg7 37. a5 Rb8 38. axb6 Rxb6 39. g3 Ba8 40. Be2 Rb2
41. Bf3 Bd5 42. Qc1 Rb3 43. Bd1 Rb6 44. Be2 Rb3 45. Bd1 Rb6 1/2-1/2

[Event "Tseshkovsky Mem 2014"]
[Site "Sochi RUS"]
[Date "2014.09.23"]
[Round "7.9"]
[White "Burmakin, Vladimir"]
[Black "Tunik, Gennady"]
[Result "1-0"]
[WhiteTitle "GM"]
[BlackTitle "GM"]
[WhiteElo "2584"]
[BlackElo "2415"]
[WhiteFideId "4105109"]
[BlackFideId "4101219"]
[EventDate "2014.09.17"]

1. d4 Nf6 2. c3 g6 3. Bf4 Bg7 4. Nf3 O-O 5. e3 d6 6. h3 Nbd7 7. Be2 b6 8. O-O
Bb7 9. a4 a5 10. Bh2 Ne4 11. Na3 Ndf6 12. Qc2 h5 13. Rad1 Bh6 14. c4 Qc8 15. Bd3
Qe8 16. Nb5 Rc8 17. Ne1 e5 18. dxe5 dxe5 19. Nf3 Qe7 20. Nxe5 Bg7 21. Be2 Nc5
22. Na7 Rce8 23. Nac6 Qe6 24. Bf3 Nfe4 25. Nd4 Qc8 26. Nd3 Nxd3 27. Rxd3 Be5 28.
Rdd1 Bxh2+ 29. Kxh2 Nc5 30. Bd5 Kg7 31. Kg1 f6 32. Nb3 Nxb3 33. Qxb3 c6 34. Bf3
Qc7 35. Rd3 Bc8 36. Rfd1 Re7 37. Rd6 Bd7 38. c5 bxc5 39. Qc3 c4 40. Qxc4 c5 41.
b3 Be8 42. Ra6 Bf7 43. Qc3 Qe5 44. Qxe5 fxe5 45. Rb6 c4 46. bxc4 Bxc4 47. Rdd6
Bf7 48. Be4 g5 49. Bg6 Rc8 50. Bxf7 Rc1+ 51. Kh2 Kxf7 52. Rf6+ Kg8 53. Rf5 1-0

[Event "Tseshkovsky Mem 2014"]
[Site "Sochi RUS"]
[Date "2014.09.23"]
[Round "7.10"]
[White "Volkov, Sergey"]
[Black "Vastrukhin, Oleg"]
[Result "1-0"]
[WhiteTitle "GM"]
[WhiteElo "2583"]
[BlackElo "2383"]
[WhiteFideId "4122763"]
[BlackFideId "4192770"]
[EventDate "2014.09.17"]

1. e4 e6 2. d4 d5 3. e5 c5 4. c3 Qb6 5. Nf3 Bd7 6. a3 Nc6 7. b4 c4 8. a4 f5 9.
g3 Nh6 10. Bxh6 gxh6 11. Be2 Rg8 12. Na3 O-O-O 13. Nc2 Be7 14. Ne3 Rdf8 15. Ng2
Nd8 16. h4 Nf7 17. Qd2 a5 18. b5 Kb8 19. Ng1 Be8 20. Nh3 Ka8 21. Kf1 Rg7 22. Re1
Rgg8 23. Bf3 Bd8 24. Re2 Qc7 25. Nhf4 Qe7 26. Nh5 Qa3 27. Ngf4 Bd7 28. Kg2 Ng5
29. hxg5 hxg5 30. Nxd5 exd5 31. Bxd5 f4 32. f3 Qxa4 33. Bxg8 Rxg8 34. e6 Bxb5
35. e7 Bc7 36. Nf6 Rh8 37. Nd5 1-0

[Event "Tseshkovsky Mem 2014"]
[Site "Sochi RUS"]
[Date "2014.09.23"]
[Round "7.11"]
[White "Kotsur, Pavel"]
[Black "Rjabzev, Konstantin"]
[Result "1-0"]
[WhiteTitle "GM"]
[BlackTitle "IM"]
[WhiteElo "2570"]
[BlackElo "2306"]
[WhiteFideId "13700278"]
[BlackFideId "4150015"]
[EventDate "2014.09.17"]

1. d4 d5 2. c4 e6 3. Nc3 Be7 4. Qc2 Nf6 5. cxd5 exd5 6. Bg5 O-O 7. e3 Nbd7 8.
Bd3 Re8 9. Nge2 Nf8 10. O-O g6 11. b4 a6 12. a4 Ne6 13. Bxf6 Bxf6 14. b5 axb5
15. axb5 Rxa1 16. Rxa1 c5 17. bxc6 bxc6 18. Ra8 Qc7 19. Qa4 Rd8 20. h3 Bb7 21.
Rxd8+ Qxd8 22. Qb3 Bc8 23. Na4 Be7 24. Nec3 Bd6 25. Nb6 Bc7 26. Nca4 Bd7 27.
Nxd7 Qxd7 28. Qc3 Qd6 29. g3 Bd8 30. Bf1 Be7 31. Bg2 c5 32. dxc5 Nxc5 33. Nxc5
Qxc5 34. Qd2 Qb4 35. Qxd5 Qd6 36. Qb7 Qb4 37. Qc8+ Bf8 38. Bd5 Qc5 39. Qb7 Qe7
40. Qb3 Bg7 41. Kg2 Be5 42. f4 Bd6 43. Kf3 Bc5 44. e4 Ba7 45. e5 Kg7 46. Qb2 Kg8
47. Qa2 h5 48. Qa6 Kg7 49. Bb3 Kh7 50. Qc6 Kg7 51. Qd5 Qc7 52. Bc4 Qe7 53. g4
hxg4+ 54. hxg4 Bb8 55. g5 Qc7 56. Qb5 Ba7 57. e6 fxe6 58. Bxe6 Bb8 59. Qb2+ Kh7
60. Qh2+ 1-0

[Event "Tseshkovsky Mem 2014"]
[Site "Sochi RUS"]
[Date "2014.09.23"]
[Round "7.12"]
[White "Panarin, Mikhail"]
[Black "Dimitrijevic, Aleksandra"]
[Result "1-0"]
[WhiteTitle "GM"]
[BlackTitle "WGM"]
[WhiteElo "2555"]
[BlackElo "2281"]
[WhiteFideId "4153251"]
[BlackFideId "929239"]
[EventDate "2014.09.17"]

1. e4 e6 2. d4 d5 3. Nd2 Bd7 4. c4 dxe4 5. Nxe4 Bc6 6. Nc3 Nf6 7. Nf3 Bb4 8. Be2
O-O 9. Qb3 a5 10. O-O h6 11. Rd1 Qe8 12. Ne5 Na6 13. Nxc6 bxc6 14. a3 Be7 15.
Bf3 Rb8 16. Qa4 c5 17. Bc6 Qc8 18. d5 exd5 19. Nxd5 Nxd5 20. Bxd5 Rb6 21. Qxa5
Qf5 22. Re1 Bf6 23. Be4 Qc8 24. Rb1 Re8 25. Qa4 Kh8 26. Qc2 Qb8 27. b3 Bd4 28.
Bd2 Rbe6 29. Bf3 Be5 30. h3 c6 31. Bg4 R6e7 32. Kf1 Nc7 33. Re2 Ne6 34. Bxe6
Rxe6 35. Rbe1 Bd4 36. Rxe6 fxe6 37. Kg1 e5 38. Be3 e4 39. Kh1 Qe5 40. a4 Qb8 41.
Bc1 Rf8 42. Re2 Qg3 43. Kg1 Rf3 44. Bb2 Qg5 45. Bxd4 cxd4 46. Rxe4 d3 47. Qd1
Rxh3 48. Rg4 1-0

[Event "Tseshkovsky Mem 2014"]
[Site "Sochi RUS"]
[Date "2014.09.23"]
[Round "7.13"]
[White "Bukanov, Sergei"]
[Black "Rozum, Ivan"]
[Result "0-1"]
[BlackTitle "GM"]
[WhiteElo "2317"]
[BlackElo "2552"]
[WhiteFideId "4117140"]
[BlackFideId "24104272"]
[EventDate "2014.09.17"]

1. b3 e5 2. Bb2 Nc6 3. e3 g6 4. Nf3 Bg7 5. d4 e4 6. Nfd2 f5 7. c4 d6 8. Nc3 Nf6
9. Be2 O-O 10. Qc2 f4 11. Nd5 Nxd5 12. cxd5 fxe3 13. fxe3 Nb4 14. Qc4 a5 15. Nf1
Qg5 16. O-O-O b5 17. Qxc7 Bg4 18. Bxg4 Qxg4 0-1

[Event "Tseshkovsky Mem 2014"]
[Site "Sochi RUS"]
[Date "2014.09.23"]
[Round "7.15"]
[White "Rozhko, Dmitry"]
[Black "Andreev, Eduard UKR"]
[Result "0-1"]
[WhiteTitle "FM"]
[BlackTitle "GM"]
[WhiteElo "2337"]
[BlackElo "2473"]
[WhiteFideId "4150430"]
[BlackFideId "14103400"]
[EventDate "2014.09.17"]

1. d4 Nf6 2. Nf3 b6 3. Bg5 e6 4. Nbd2 Bb7 5. e3 h6 6. Bh4 c5 7. c3 Be7 8. Ne5
O-O 9. Bxf6 Bxf6 10. Qh5 cxd4 11. exd4 Bxe5 12. Qxe5 d6 13. Qe3 Nd7 14. Bd3 Nf6
15. O-O Rb8 16. Ne4 Bxe4 17. Bxe4 d5 18. Bd3 b5 19. a3 a5 20. f4 Qb6 21. h3 b4
22. axb4 axb4 23. g4 bxc3 24. bxc3 Qc6 25. g5 Ne4 26. Bxe4 dxe4 27. Rae1 Rb3 28.
Qxe4 Qxc3 29. Re2 Qxh3 30. gxh6 Rg3+ 31. Kf2 Qh4 32. Rh1 Rh3+ 33. Kg1 Rc8 34.
Rxh3 Qxh3 35. h7+ Kh8 36. Kf2 Rc3 37. Ke1 Rc1+ 38. Kf2 Rf1# 0-1

[Event "Tseshkovsky Mem 2014"]
[Site "Sochi RUS"]
[Date "2014.09.23"]
[Round "7.16"]
[White "Ehlvest, Jaan"]
[Black "Kruchev, Boris"]
[Result "1-0"]
[WhiteTitle "GM"]
[BlackTitle "FM"]
[WhiteElo "2553"]
[BlackElo "2310"]
[WhiteFideId "4500016"]
[BlackFideId "4179714"]
[EventDate "2014.09.17"]

1. e4 c5 2. Nf3 d6 3. d4 cxd4 4. Nxd4 Nf6 5. Nc3 Nc6 6. Bg5 Qb6 7. Nb3 a6 8. Be2
e6 9. Bxf6 gxf6 10. Bh5 Rg8 11. g3 Ne5 12. Qe2 Qc7 13. f4 Nc4 14. O-O-O Bh6 15.
Nd2 Nxd2 16. Rxd2 Bd7 17. Rhd1 Bf8 18. Kb1 Rg7 19. e5 fxe5 20. fxe5 O-O-O 21.
exd6 Qb6 22. Rd4 Kb8 23. a3 Bc6 24. Bf3 Bxf3 25. Qxf3 f5 26. Qe2 Rg6 27. d7 Bxa3
28. Qe5+ Ka7 29. Na4 Qb5 30. Qe3 1-0

[Event "Tseshkovsky Mem 2014"]
[Site "Sochi RUS"]
[Date "2014.09.23"]
[Round "7.17"]
[White "Bakunts, Rafael"]
[Black "Malaniuk, Vladimir P"]
[Result "1/2-1/2"]
[BlackTitle "GM"]
[WhiteElo "2237"]
[BlackElo "2523"]
[WhiteFideId "13304097"]
[BlackFideId "14100177"]
[EventDate "2014.09.17"]

1. e4 e5 2. Nf3 Nc6 3. Bb5 a6 4. Ba4 Nf6 5. d3 d6 6. c3 g6 7. Bg5 h6 8. Bh4 Bg7
9. Nbd2 O-O 10. O-O b5 11. Bb3 Na5 12. Bc2 c5 13. Re1 Qc7 14. Nf1 Nd7 15. Ne3
Nb6 16. b4 cxb4 17. cxb4 Nc6 18. Bb3 Be6 19. Rc1 Qd7 20. a3 Rac8 21. Nd5 Bxd5
22. exd5 Nd4 23. Nxd4 exd4 24. f3 Rxc1 25. Qxc1 Rc8 26. Qd1 Rc3 27. Re4 Qc8 28.
Be1 Rc7 29. Qe2 Kh7 30. Bd2 Qb7 31. Re8 Nd7 32. Re7 Kg8 33. Re8+ Kh7 1/2-1/2

[Event "Tseshkovsky Mem 2014"]
[Site "Sochi RUS"]
[Date "2014.09.23"]
[Round "7.18"]
[White "Bryzgalin, Kirill"]
[Black "Mishuchkov, Nikolai M."]
[Result "1/2-1/2"]
[WhiteTitle "GM"]
[BlackTitle "IM"]
[WhiteElo "2448"]
[BlackElo "2311"]
[WhiteFideId "4133285"]
[BlackFideId "4102401"]
[EventDate "2014.09.17"]

1. d4 Nf6 2. c4 e6 3. Nc3 Bb4 4. Qc2 Nc6 5. Nf3 d6 6. a3 Bxc3+ 7. Qxc3 O-O 8. b4
Re8 9. b5 Nb8 10. e3 Nbd7 11. Be2 b6 12. O-O Bb7 13. Qc2 a6 14. Bb2 axb5 15.
cxb5 Qb8 16. Nd2 Rc8 17. Rfc1 c5 18. bxc6 Bxc6 19. Qd3 Qb7 20. f3 Ba4 21. e4
Rxc1+ 22. Rxc1 Rc8 23. Rxc8+ Qxc8 24. Qc3 Qxc3 25. Bxc3 d5 26. Kf2 Nb8 27. Ke3
Nc6 28. Ba6 Kf8 29. e5 Ne8 30. Bd3 h6 31. f4 f5 1/2-1/2